| 000 | 00687nam a2200217 i 4500 | ||
|---|---|---|---|
| 001 | 107349 | ||
| 003 | ES-MaACL | ||
| 005 | 20230906184408.0 | ||
| 007 | t| | ||
| 008 | 070109s1991 be ||||1| fre d | ||
| 020 | _a2-8040-0629-8 | ||
| 080 | _a821.133.1(493)-31"19" | ||
| 100 | 1 |
_aEekhoud, Georges. _946681 |
|
| 245 | 1 | 0 |
_aVoyous de velours ou l'autre vue / _cGeorges Eekhoud ; préface de Jacques Izoard ; lecture de Paul Aron. |
| 260 |
_aBruxelles : _bLabor, _c[1991] |
||
| 300 |
_a189 p. : _bil. ; _c18 cm. |
||
| 500 | _aBiblioteca Jacinto Martínez Lacalle. | ||
| 700 | 1 |
_aIzoard, Jacques. _965694 |
|
| 700 | 1 |
_aAron, Paul. _923154 |
|
| 852 |
_aES-MaACL _jE-11504 _bR.139505 |
||
| 999 |
_c107349 _d107349 |
||